| 000 | 00932nam a2200277Ia 4500 | ||
|---|---|---|---|
| 005 | 20180221112259.0 | ||
| 008 | 130821s2011 ag gr spa | ||
| 020 | _a9789872354633 | ||
| 040 |
_aCo-BoUCM _bspa _c[Nuevo] _d[Nuevo] |
||
| 041 | 0 | 0 | _aspa |
| 100 | 1 |
_aHeidegger, Martin _91875 |
|
| 245 | 1 | 3 |
_aLa historia del ser _cMartin Heidegger ; traducción de Dina V. Picotti C |
| 260 |
_aBuenos Aires (Argentina) _bEl Hilo de Ariadna _c2011 |
||
| 300 | _a277 páginas | ||
| 490 | 0 | _aBiblioteca internacional Martin Heidegger | |
| 490 | 0 | _aColección el camino hacia el otro pensar | |
| 650 | 0 | 4 |
_aFenomenología _915640 |
| 650 | 0 | 4 |
_aFilosofía alemana _97622 |
| 650 | 0 | 4 |
_aFilosofía _975 |
| 650 | 0 | 4 |
_aMetafísica _919397 |
| 650 | 0 | 4 |
_aOntología _920750 |
| 700 | 1 |
_aPicotti C., Dina V. _991538 |
|
| 765 | 0 | _tDie geschichte des seyns | |
| 942 |
_cLIBRO _a2 _e1 _mH465hi _2DEWEY _h193 |
||
| 999 |
_c40701 _d40701 |
||